Modern Day Countries of the Belgian Colonial Empire - Statistics

General Stats
  • This quiz has been taken 259 times
  • The average score is 3 of 7
Answer Stats
Continent Years Occupied Country % Correct
Africa 1885-1960 D.R. Congo
99%
Africa 1916-1962 Rwanda
78%
Africa 1916-1962 Burundi
77%
Asia 1900-1931 China
49%
North America 1843-1853 Guatemala
17%
Europe 1919 Italy
15%
Africa 1954-1956 Morocco
14%
No matching quizzes found
Score Distribution
Percent of People with Each Score
Percentile by Number Answered
Your Score History
You have not taken this quiz